Sports Quiz

Random Sports or NFL Quiz

Every Player to Record More Than One Sack in 2016-17 Quiz Stats

 Plays Quiz not verified by Sporcle

Challenge
Share
Tweet
Embed
Score 0/222 Timer 20:00
0 Plays Today
Sacks Player % Correct
13.5Von Miller
94.8%
15.5Vic Beasley
89.7%
11.0Chandler Jones
84.5%
8.0Calais Campbell
84.5%
2.0Chris Jones
84.5%
1.5DaQuan Jones
84.5%
11.5Cameron Wake
81%
11.0Ryan Kerrigan
81%
11.0Khalil Mack
81%
4.5Preston Smith
81%
4.0Justin Houston
81%
4.0Charles Johnson
81%
3.5Michael Johnson
81%
2.5Marcus Smith II
81%
2.0Tom Johnson
81%
2.0Harrison Smith
81%
12.5Lorenzo Alexander
79.3%
7.0Leonard Williams
79.3%
5.0Michael Bennett
79.3%
5.0Kyle Williams
79.3%
3.0Kwon Alexander
79.3%
2.0Vince Williams
79.3%
1.5Mario Williams
79.3%
11.5Cliff Avril
77.6%
5.0Clay Matthews III
77.6%
2.5Thomas Davis
74.1%
2.0Demario Davis
74.1%
1.5Sean Davis
74.1%
10.5Joey Bosa
72.4%
9.0Geno Atkins
72.4%
8.0Aaron Donald
72.4%
10.5Brian Orakpo
70.7%
7.5Julius Peppers
70.7%
7.0Jason Pierre-Paul
70.7%
5.0James Harrison
70.7%
2.5Damon Harrison
70.7%
2.5Zach Kerr
70.7%
8.5Olivier Vernon
69%
6.5Malik Jackson
69%
4.0Zach Brown
69%
4.0DeMarcus Ware
69%
3.5Jatavis Brown
69%
3.0Malcom Brown
69%
2.0Edwin Jackson
69%
8.0Everson Griffen
67.2%
8.0Terrell Suggs
67.2%
7.5Cameron Jordan
67.2%
5.0Ndamukong Suh
67.2%
6.5Fletcher Cox
65.5%
3.5Tamba Hali
65.5%
6.0Jadeveon Clowney
63.8%
2.0Ezekiel Ansah
63.8%
1.5J.J. Watt
63.8%
12.5Danielle Hunter
62.1%
11.0Nick Perry
62.1%
8.0Carlos Dunlap
62.1%
4.0Landon Collins
62.1%
4.0Robert Quinn
62.1%
7.0Gerald McCoy
60.3%
6.0Kawann Short
60.3%
5.0Maliek Collins
60.3%
4.0Mike Daniels
60.3%
2.0Anthony Barr
60.3%
3.0Jamie Collins
60.3%
2.0Luke Kuechly
60.3%
7.0Leonard Floyd
58.6%
4.5Bobby Wagner
58.6%
5.0Lavonte David
56.9%
2.5Dont'a Hightower
56.9%
1.5Sheldon Richardson
56.9%
7.5Whitney Mercilus
53.4%
5.5Brandon Graham
53.4%
4.0Chris Long
53.4%
12.5Markus Golden
51.7%
Sacks Player % Correct
8.0Melvin Ingram
51.7%
7.0Bruce Irvin
51.7%
4.5Muhammad Wilkerson
51.7%
10.0Frank Clark
50%
4.0Linval Joseph
50%
4.0K.J. Wright
50%
3.0Elvis Dumervil
50%
8.0Shane Ray
48.3%
5.0Kony Ealy
48.3%
5.0Robert Mathis
48.3%
5.0Jabaal Sheard
48.3%
3.5Marcell Dareus
48.3%
2.5Jordan Jenkins
48.3%
1.5Cullen Jenkins
48.3%
10.0Dee Ford
46.6%
5.5Derek Wolfe
46.6%
4.0Dante Fowler Jr.
46.6%
1.5Dontari Poe
46.6%
9.0Derrick Morgan
44.8%
5.0Connor Barwin
44.8%
3.0Cameron Heyward
44.8%
11.0Erik Walden
43.1%
5.0Jurrell Casey
43.1%
3.5Ryan Shazier
43.1%
7.5Willie Young
41.4%
2.0Vontaze Burfict
41.4%
2.0A'Shawn Robinson
41.4%
7.5Brian Robison
39.7%
7.0Trey Flowers
39.7%
6.0DeForest Buckner
39.7%
4.0Rob Ninkovich
39.7%
3.0Dwight Freeney
39.7%
2.5Eric Kendricks
37.9%
2.5Lawrence Timmons
37.9%
2.0Trent Cole
37.9%
1.5Haloti Ngata
37.9%
6.0Jerry Hughes
36.2%
5.0William Hayes
36.2%
4.5Bud Dupree
36.2%
4.5Devin Taylor
36.2%
4.0Star Lotulelei
36.2%
6.5Robert Ayers
34.5%
2.0Akeem Ayers
34.5%
2.0Brooks Reed
34.5%
7.0Akiem Hicks
32.8%
6.0Ahmad Brooks
32.8%
5.5Andre Branch
32.8%
1.5Alan Branch
32.8%
1.5Jarran Reed
32.8%
9.5Mario Addison
31%
2.5Adolphus Washington
31%
2.0Cornelius Washington
31%
1.5Aaron Lynch
31%
6.5Nick Fairley
29.3%
4.0David Irving
29.3%
2.5Terrell McClain
29.3%
9.0Trent Murphy
27.6%
8.0Yannick Ngakoue
27.6%
3.5Clinton McDonald
27.6%
3.0Cassius Marsh
27.6%
5.0Timmy Jernigan
25.9%
4.5Adrian Clayborn
25.9%
4.5Tyrone Crawford
25.9%
4.0Sheldon Rankins
25.9%
4.0Stephon Tuitt
25.9%
3.5Jack Crawford
25.9%
2.5Arik Armstead
25.9%
3.5Sen'Derrick Marks
24.1%
2.0Shaq Lawson
24.1%
1.5Vernon Butler
24.1%
1.5Paul Kruger
24.1%
1.5Paul Posluszny
24.1%
5.5Noah Spence
22.4%
4.0Pernell McPhee
22.4%
Sacks Player % Correct
3.5John Simon
22.4%
3.0Sean Spence
22.4%
2.0Dean Lowry
22.4%
1.5Shaquil Barrett
22.4%
1.5Deon Simon
22.4%
8.0Kerry Hyder
20.7%
5.5Emmanuel Ogbah
20.7%
1.5Danny Shelton
20.7%
3.5Chris Baker
19%
3.5Alex Okafor
19%
3.0Grady Jarrett
19%
2.0Tony Jefferson
19%
2.0Wesley Woodyard
19%
5.0Benardrick McKinney
17.2%
3.5Kevin Minter
17.2%
2.5Vinny Curry
17.2%
2.5Christian Kirksey
17.2%
2.0Leon Hall
17.2%
2.0Denzel Perryman
17.2%
1.5Anthony Hitchens
17.2%
3.0Morgan Burnett
15.5%
3.0Johnathan Hankins
15.5%
2.5Bennie Logan
15.5%
2.0Ra'Shede Hageman
15.5%
3.0William Gholston
12.1%
2.5Stacy McGee
12.1%
2.5Carl Nassib
12.1%
2.5Eugene Sims
12.1%
2.0Kyler Fackrell
12.1%
2.0Javon Hargrave
12.1%
2.0Avery Williamson
12.1%
1.5Karl Klug
12.1%
1.5Pat Sims
12.1%
1.5Cedric Thornton
12.1%
4.0Matt Judon
10.3%
3.0Armonty Bryant
10.3%
3.0Gerald Hodges Jr.
10.3%
2.5Eddie Goldman
10.3%
2.5Wes Horton
10.3%
2.0Nigel Bradham
10.3%
2.0Orlando Scandrick
10.3%
2.0Desmond Trufant
10.3%
3.5Steve McLendon
8.6%
2.5Tyson Alualu
8.6%
1.5Ricky Jean-Francois
8.6%
6.0Benson Mayowa
6.9%
3.5Arthur Moats
6.9%
3.0Eli Harold
6.9%
2.5Lorenzo Mauldin
6.9%
2.0Joel Heath
6.9%
2.0Michael Pierce
6.9%
2.0Ethan Westbrooks
6.9%
1.5Kyle Love
6.9%
3.0David Parry
5.2%
2.5Denico Autry
5.2%
2.5Wallace Gilberry
5.2%
2.0Jeremiah Attaochu
5.2%
2.0Tre Boston
5.2%
2.0D.J. Swearinger
5.2%
1.5Jonathan Casillas
5.2%
4.0Will Clarke
3.4%
4.0Dannell Ellerbe
3.4%
3.5Dominique Easley
3.4%
3.0Ronald Blair
3.4%
3.0Jared Crick
3.4%
2.5Anthony Chickillo
3.4%
2.5Damion Square
3.4%
1.5Leger Douzable
3.4%
1.5Rodney Gunter
3.4%
2.0T.Y. McGill
1.7%
2.0Brent Urban
1.7%
2.0Destiny Vaeao
1.7%
1.5Hassan Ridgeway
1.7%
2.0Jude Adjei-Barimah
0%

You're not logged in!

Compare scores with friends on all Sporcle quizzes.
Join for Free
OR
Log In

You Might Also Like...

Show Comments

Extras

Top Quizzes Today


Score Distribution

Your Account Isn't Verified!

In order to create a playlist on Sporcle, you need to verify the email address you used during registration. Go to your Sporcle Settings to finish the process.

Report this User

Report this user for behavior that violates our Community Guidelines.

Details: